العميل السري زيتون / (رقم التسجيلة. 110661)
[ عرض عادي ]
| 000 -LEADER | |
|---|---|
| fixed length control field | 01006nam a22002897a 4500 |
| 005 - DATE AND TIME OF LATEST TRANSACTION | |
| control field | 20251108173720.0 |
| 008 - FIXED-LENGTH DATA ELEMENTS--GENERAL INFORMATION | |
| fixed length control field | 250721s2006 xx 000 0 ara d |
| 020 ## - INTERNATIONAL STANDARD BOOK NUMBER | |
| International Standard Book Number | 9957361252 |
| 082 14 - DEWEY DECIMAL CLASSIFICATION NUMBER | |
| Classification number | ط/ق/حات |
| 100 1# - MAIN ENTRY--PERSONAL NAME | |
| Personal name | الحاتم، محمد |
| Relator term | مؤلف |
| 245 10 - TITLE STATEMENT | |
| Title | العميل السري زيتون / |
| 246 11 - VARYING FORM OF TITLE | |
| Title proper/short title | The Steel Agent Zaytoun |
| 264 1# - PRODUCTION, PUBLICATION, DISTRIBUTION, MANUFACTURE, AND COPYRIGHT NOTICE | |
| Place of production, publication, distribution, manufacture | عمان : |
| Name of producer, publisher, distributor, manufacturer | دار الأسرة، |
| Date of production, publication, distribution, manufacture, or copyright notice | 2006. |
| 300 ## - PHYSICAL DESCRIPTION | |
| Extent | 16ص. |
| 490 0# - SERIES STATEMENT | |
| Series statement | تنمية القراءة باللغتين |
| 500 ## - GENERAL NOTE | |
| General note | أن القصة باللغتين العربية والإنجليزية لتنمية القراءة باللغتين |
| 650 17 - SUBJECT ADDED ENTRY--TOPICAL TERM | |
| Topical term or geographic name as entry element | التعلم |
| 650 17 - SUBJECT ADDED ENTRY--TOPICAL TERM | |
| Topical term or geographic name as entry element | القرااه |
| 650 17 - SUBJECT ADDED ENTRY--TOPICAL TERM | |
| Topical term or geographic name as entry element | اللغه العربيه |
| 650 17 - SUBJECT ADDED ENTRY--TOPICAL TERM | |
| Topical term or geographic name as entry element | القصص العربيه |
| 650 17 - SUBJECT ADDED ENTRY--TOPICAL TERM | |
| Topical term or geographic name as entry element | ادب الاطفال |
| 653 ## - INDEX TERM--UNCONTROLLED | |
| Uncontrolled term | مرحله اطفال متوسطه (6-9 سنوات ) |
| 653 ## - INDEX TERM--UNCONTROLLED | |
| Uncontrolled term | قصص الاطفال |
| 700 1# - ADDED ENTRY--PERSONAL NAME | |
| Personal name | الشولي، عبد الكريم |
| Relator term | رسام |
| 942 ## - ADDED ENTRY ELEMENTS (KOHA) | |
| Source of classification or shelving scheme | Dewey Decimal Classification |
| Koha item type | كتب |
| حالة السحب | حالة الفقدان | مصدر التصنيف | حالة التلف | غير قابل للإعارة | المكتبة الرئيسية | المكتبة الحالية | موقع الرف | تاريخ التزويد | الرقم المتسلسل | Total Checkouts | رقم الإستدعاء | الباركود | تاريخ آخر ظهور | تاريخ الفاتورة | نوع المادة (كوها) |
|---|---|---|---|---|---|---|---|---|---|---|---|---|---|---|---|
| Dewey Decimal Classification | مكتبة مرج الحمام | مكتبة مرج الحمام | الأطفال | 28/07/2025 | 1155904 | ط/ق/حات | 1155904 | 28/07/2025 | 28/07/2025 | كتب |